000 02234cam a22003498i 4500
942 _cBK
999 _c691
_d691
001 21960530
003 OSt
005 20250420134821.0
006 m |o d |
007 cr_|||||||||||
008 210325s2021 nju o 001 0 eng
010 _a 2021013914
020 _a9781119653028
040 _aDLC
_beng
_cKCST
_erda
050 0 0 _aPE1112
082 0 0 _a428.2
_223
_bkA bL
100 1 _aKaufman, Lester,
_d1948-
_eauthor.
_95345
245 1 4 _aThe blue book of grammar and punctuation :
_ban easy-to-use guide with clear rules, real-world examples, and reproducible quizzes /
_cLester Kaufman, Jane Straus.
250 _a12
260 1 _aHoboken, NJ :
_bJossey-Bass,
_c[2021]
300 _a242 P.
500 _aIncludes index.
520 _a"The Blue Book of Grammar and Punctuation is a concise, entertaining workbook and guide to English grammar, punctuation, and usage. This user-friendly resource includes simple explanations of grammar, punctuation, and usage; scores of helpful examples; dozens of reproducible worksheets; and pre- and post-tests to help teach grammar to students of all ages. Appropriate for virtually any age range, this authoritative guide makes learning English grammar and usage simple and fun. This updated Twelfth Edition reflects the latest updates to English usage and grammar and features: Clear and concise, easy-to-follow, offering "just the facts"; Fully updated to reflect the latest rules in grammar and usage along with new quizzes; Ideal for students from seventh grade through adulthood in the US and abroad For anyone who wants to understand the major rules and subtle guidelines of English grammar and usage, The Blue Book of Grammar and Punctuation offers comprehensive, straightforward instruction"--
_cProvided by publisher.
588 _aDescription based on print version record and CIP data provided by publisher; resource not viewed.
650 0 _aEnglish language
_xGrammar.
_9111
650 0 _aEnglish language
_xGrammar
_vProblems, exercises, etc.
_9112
650 0 _aEnglish language
_xPunctuation.
_95346
650 0 _aEnglish language
_xPunctuation
_vProblems, exercises, etc.
_95347
700 1 _aStraus, Jane,
_eauthor.
_95349
942 _2ddc